000 00655nam a2200169 i 4500
001 192492
003 ES-MaACL
005 20230906224216.0
008 230116s1870 sp 000 0 spa
080 _a656.2(460)
110 2 _aCompañía de los Caminos de Hierro de Barcelona a Francia por Figueras.
_9176242
245 1 0 _aFerro-carril de Barcelona a Francia por Figueras :
_bexposición a las Cortes, 1870.
260 _aMadrid :
_b[s.n.],
_c1870 (
_fImp. y Estereotipia de M. Rivadeneyra)
300 _a12 p., 1 mapa pleg. ;
_c31 cm.
650 4 _aFerrocarriles-
_zEspaña-
_yS. XIX.
_912762
852 4 _aES-MaACL
_jT-101-F-3
_z- Enc. en un vol. facticio
999 _c192492
_d192492